Movies Quiz

Random Movies or Actress Quiz

Pulp Fiction Actors Quiz Stats

 Plays Quiz Updated Dec 17, 2018

Support Sporcle.
Go Orange.
Score 0/12 Timer 03:00
1 Play Today
Character Actor/Actress % Correct
Vincent VegaJohn Travolta
97.8%
Jules WinnfieldSamuel L. Jackson
96%
Mia WallaceUma Thurman
88.8%
Butch CoolidgeBruce Willis
86.9%
Winston 'The Wolf' WolfeHarvey Keitel
53.1%
Jimmie DimmickQuentin Tarantino
52.7%
Marsellus WallaceVing Rhames
51.8%
Pumpkin - RingoTim Roth
43.6%
Captain KoonsChristopher Walken
34.6%
JodyRosanna Arquette
22.2%
LanceEric Stoltz
20.3%
Honey Bunny - YolandaAmanda Plummer
16.6%

From the Vault

Remove Ads.
Support Sporcle.
Get the best of Sporcle when you Go Orange. This ad-free experience offers more features, more stats, and more fun while also helping to support Sporcle. Thank you for becoming a member.

Show Comments

Extras

Top Quizzes Today


Score Distribution

Your Account Isn't Verified!

In order to create a playlist on Sporcle, you need to verify the email address you used during registration. Go to your Sporcle Settings to finish the process.

Report this User

Report this user for behavior that violates our Community Guidelines.

Details: